| 000 | 00703nam a2200205Ia 4500 | ||
|---|---|---|---|
| 003 | Ost | ||
| 005 | 20260507075017.0 | ||
| 008 | 260507s9999||||xx |||||||||||||| ||und|| | ||
| 040 | _cfsecg | ||
| 041 | _aara | ||
| 082 | _a658.8 | ||
| 100 |
_aالضمور، هاني حامد _eمؤلف |
||
| 245 | 0 |
_aطرق التوزيع / _c هاني حامد الضمور |
|
| 260 |
_aعمان: _bدار وائل, _c2000 |
||
| 300 |
_a265 صفحة؛ _bإيضاحات ؛ _c24 سم |
||
| 520 | _aالقنات التسويقية-التركيب،الوظائف-المؤسسات التسويقية-قنوات التوزيع الأخرى | ||
| 653 | _aالتسويق | ||
| 653 | _aالتوزيع | ||
| 942 | _cكتاب | ||
| 999 |
_c42224 _d42224 |
||